How the Soviet Union is Governed (Record no. 225418)

MARC details
000 -LEADER
fixed length control field 00438nam a2200157Ia 4500
008 - FIXED-LENGTH DATA ELEMENTS--GENERAL INFORMATION
fixed length control field 230917s9999||||xx |||||||||||||| ||und||
040 ## - CATALOGING SOURCE
-- 9369
Original cataloging agency VIVEKANANDA LIBRARY
041 ## - Language
-- English
082 ## - DDC NUMBER
Classification number 320.947 H814H
100 ## - MAIN ENTRY--PERSONAL NAME
Personal name Hough, Jerry F.
245 #0 - TITLE STATEMENT
Title How the Soviet Union is Governed
250 ## - EDITION STATEMENT
Edition statement An extenrively revised enlarged edition ed.
260 ## - PUBLICATION, DISTRIBUTION, ETC. (IMPRINT)
Place of publication, distribution, etc Commbridge
Name of publisher, distributor, etc Harvard University Press
Date of publication, distribution, etc 1979
300 ## - PHYSICAL DESCRIPTION
Pages xiv, 679 p.
942 ## - ADDED ENTRY ELEMENTS (KOHA)
Koha item type Books
Holdings
Withdrawn status Lost status Damaged status Not for loan Location (home branch) Sublocation or collection (holding branch) Date acquired Koha issues (times borrowed) Koha full call number Accession No. Koha date last seen Koha item type
        VIVEKANANDA LIBRARY VIVEKANANDA LIBRARY 08/08/2002   320.947 H814H 92285 17/09/2023 Books
© Designed and Maintained by Vivekananda Library, MDU Rohtak